NXT Wrestlers by Picture - Statistics

General Stats
  • This quiz has been taken 60 times
  • The average score is 26 of 36
Answer Stats
Picture Answer % Correct
Finn Balor
98%
Keith Lee
98%
Bron Breakker
97%
Dragon Lee
97%
Ricochet
97%
Seth Rollins
97%
Solo Sikoa
97%
Adam Cole
95%
Gunther / Walter
95%
Roman Reigns
95%
Samoa Joe
95%
Luke Harper
93%
Drew McIntyre
92%
Tommaso Ciampa
92%
Axiom / A-Kid
90%
Karrion Kross
86%
Noam Dar
81%
Fandango
76%
Tucker
76%
Cameron Grimes
75%
Brian Kendrick
68%
Angel Garza
66%
Jack Gallagher
66%
Trent Seven
61%
Leon Ruff
59%
Danny Burch
58%
Drake Maverick
58%
Killian Dain
58%
Oney Lorcan
58%
Joe Coffey
56%
Dave Mastiff
53%
Timothy Thatcher
53%
Nash Carter
49%
Ashante "Thee" Adonis
34%
Eddie Dennis
24%
Curt Stallion
10%
No matching quizzes found
Score Distribution
Percent of People with Each Score
Percentile by Number Answered
Your Score History
You have not taken this quiz